| 000 | 00364nam a2200145Ia 4500 | ||
|---|---|---|---|
| 008 | 230312s9999||||xx |||||||||||||| ||und|| | ||
| 082 |
_a612 _bNAD-H |
||
| 100 | _aNadeem Irfan Bukhari | ||
| 245 | 0 | _aHospital Pharmacy | |
| 260 |
_bHimark pharmaceutical publisher _c2000 |
||
| 300 | _a260 | ||
| 546 | _aEng. | ||
| 650 |
_aPharmacy _vHospital Pharmacy |
||
| 942 | _cBK | ||
| 999 |
_c4093 _d4093 |
||